000 01009nam a22002297a 4500
999 _c2585
_d2585
003 AR-CdUCM
008 190305b ||||| |||| 00| 0 spa d
040 _aMUNICIPALIDAD PROVINCIAL DEL CUSCO
_cBIBLIOTECA MUNICIPAL DEL CUSCO
082 _a344.946 /
_bJ53
100 _aJiménez de Asúa, Luis
_99133
245 _aDefensas penales /
260 _aBuenos Aires :
_bLosada,
_c1943.
300 _at.3 ;
_c20 cm.
500 _aCon casos de delitos políticos, en España (1931-1936)
505 _aContenido: t.3 Delitos de atentado, desacato y desobediencia -- Falsedades -- Delitos de funcionarios públicos -- Delitos contra el honor -- Delito contra el honor con móvil político -- Estafas y otros engaños -- Delito de tenencia ilícita de armas de fuego -- Delitos electorales -- Quebrantamiento de forma.
650 _aDerecho Penal
_95831
650 _aDelitos Políticos
_99134
650 _aLegislación
_92962
650 _aDelitos Electorales
_99135
942 _2ddc
_cLIBROS
945 _araen